000 00273nam a2200121Ia 4500
008 140130s9999 xx 000 0 und d
245 _cJames, Brian
_aThief
260 _bScholastic,
_c2008
440 _v1
521 _aGrade 7 - Grade 12
942 _cBK
999 _c41369
_d41369